Statistiques concernant Logos de marques de voitures (difficile)

Cliquez ici pour prendre le quiz!

Statistiques générales

  • Ce quiz a été pris 401 fois
  • Le résultat moyen est 5 sur 16

Statistiques - réponses

Réponse% Correct
Alpine
93%
Bugatti
85%
Koenigsegg
61%
Pontiac
51%
Acura
43%
Buick
30%
Chrysler
30%
Daewoo
24%
Rimac
24%
Caterham
20%
Ariel
18%
Saturn
18%
Apollo
14%
De Tomaso
14%
Mercury
10%
American Motors Corporation
9%

Distribution des résultats

Percentile par nombre de réponses

% des personnes avec chaque résultat

Votre développement - résultats

Vous n’avez pas pris ce quiz